00315nam a2200109Ia 4500008004100000041000800041082001400049100001800063245004500081260004900126300003000175240624s9999 xx 000 0 und d aeng a658.5 CHO aCHOUDHURY S K aPRODUCTION MANAGEMENT AN INTEGRATED APPR c1990aBombaybMedia promoters and publishers aix, : 525 : p. : cm. ; 22